000 00359nam a2200157Ia 4500
005 20250430014223.0
008 240331s9999 xx 000 0 und d
020 _a95595352026
082 _bRAH
_a891
100 _aRahubadda,S
245 0 _aIti pahan
260 _aColombo
_bSumithira Raagubatha
_c1994
300 _a340 p .,
650 _aNovel
942 _cL
999 _c4918
_d4918